[Event "CFriend AM-2004-0-00014 email"]
[Site "Chessfriend.com"]
[Date "2004.09.09"]
[Round "1"]
[White "Crawley, Anthony L"]
[Black "Scheuermann, Bernhard"]
[Result "0-1"]
[WhiteElo "2238"]
[BlackElo "2279"]
[PlyCount "61"]
[EventDate "2004.??.??"]
[EventType "tourn (corr)"]
[EventRounds "12"]
[SourceTitle "Corr 2024"]
[Source "ChessBase"]
[SourceDate "2023.10.19"]
[SourceVersion "1"]
[SourceVersionDate "2023.10.19"]
[SourceQuality "1"]

1. d4 Nf6 2. c4 g6 3. Nc3 d5 4. cxd5 Nxd5 5. e4 Nxc3 6. bxc3 Bg7 7. Bc4 c5 8. Ne2 0-0 9. 0-0 Nc6 10. Be3 Qc7 11. Rc1 Rd8 12. Bf4 Qd7 13. dxc5 Qe8 14. Bd5 Ne5 15. Nd4 e6 16. Bb3 Qe7 17. Be3 Nd7 18. Nb5 a6 19. Nd6 b6 20. cxb6 Nxb6 21. Bf4 a5 22. e5 a4 23. Bc2 Nd5 24. Bg3 Nxc3 25. Qd2 Ba6 26. Rfe1 Nxa2 27. Rcd1 Qc7 28. Bxa4 Be2 29. Qxe2 Rxa4 30. Qf3 Rb8 31. h3 0-1

[Event "CFriend AM-2004-0-00014 email"]
[Site "Chessfriend.com"]
[Date "2004.09.09"]
[Round "1"]
[White "Crawley, Anthony L"]
[Black "Wilczek, Tadeusz"]
[Result "0-1"]
[WhiteElo "2238"]
[BlackElo "2682"]
[PlyCount "38"]
[EventDate "2004.??.??"]
[EventType "tourn (corr)"]
[EventRounds "12"]
[SourceTitle "Corr 2024"]
[Source "ChessBase"]
[SourceDate "2023.10.19"]
[SourceVersion "1"]
[SourceVersionDate "2023.10.19"]
[SourceQuality "1"]

1. e4 c5 2. Nf3 d6 3. d4 cxd4 4. Nxd4 Nf6 5. Nc3 a6 6. Bg5 e6 7. f4 Qb6 8. Qd2 Qxb2 9. Nb3 Qa3 10. Bxf6 gxf6 11. Be2 h5 12. 0-0 h4 13. h3 Qb4 14. Kh1 Nd7 15. Rab1 Rb8 16. a3 Qb6 17. Nd1 Qc7 18. Ne3 b6 19. Qd4 b5 0-1

[Event "CFriend AM-2004-0-00014 email"]
[Site "Chessfriend.com"]
[Date "2004.09.09"]
[Round "1"]
[White "Gildred, Terrence L Nick"]
[Black "Crawley, Anthony L"]
[Result "1-0"]
[WhiteElo "2336"]
[BlackElo "2238"]
[PlyCount "47"]
[EventDate "2004.??.??"]
[EventType "tourn (corr)"]
[EventRounds "12"]
[SourceTitle "Corr 2024"]
[Source "ChessBase"]
[SourceDate "2023.10.19"]
[SourceVersion "1"]
[SourceVersionDate "2023.10.19"]
[SourceQuality "1"]

1. e4 c5 2. Nf3 Nc6 3. d4 cxd4 4. Nxd4 Nf6 5. Nc3 e5 6. Ndb5 d6 7. Nd5 Nxd5 8. exd5 Nb8 9. c4 Be7 10. Be2 0-0 11. 0-0 a6 12. Nc3 f5 13. f4 Nd7 14. fxe5 dxe5 15. Kh1 Bc5 16. Qd3 Qh4 17. Be3 Bd6 18. Qd2 b6 19. Rad1 Qd8 20. a3 Qc7 21. b4 Bb7 22. Na4 f4 23. Bg1 e4 24. Bd4 1-0

[Event "CFriend AM-2004-0-00014 email"]
[Site "Chessfriend.com"]
[Date "2004.09.09"]
[Round "1"]
[White "Mueller, Klaus"]
[Black "Crawley, Anthony L"]
[Result "1-0"]
[WhiteElo "2393"]
[BlackElo "2238"]
[PlyCount "80"]
[EventDate "2004.??.??"]
[EventType "tourn (corr)"]
[EventRounds "12"]
[SourceTitle "Corr 2024"]
[Source "ChessBase"]
[SourceDate "2023.10.19"]
[SourceVersion "1"]
[SourceVersionDate "2023.10.19"]
[SourceQuality "1"]

1. e4 c5 2. Nf3 Nc6 3. d4 cxd4 4. Nxd4 Nf6 5. Nc3 e5 6. Ndb5 d6 7. Bg5 a6 8. Na3 b5 9. Bxf6 gxf6 10. Nd5 Bg7 11. Bd3 Ne7 12. Nxe7 Qxe7 13. c3 f5 14. 0-0 0-0 15. Nc2 f4 16. a4 bxa4 17. Rxa4 Qg5 18. f3 Bf6 19. Bc4 Kh8 20. Qd2 Bd8 21. Rfa1 a5 22. b4 Bb6+ 23. Kh1 Bh3 24. R4a2 Rg8 25. Ne1 Raf8 26. Qxd6 Be3 27. bxa5 Rd8 28. Qc7 Rd7 29. Qc6 Rg6 30. Qc8+ Kg7 31. Bb5 Rdd6 32. Qxh3 Rh6 33. Qxh6+ Rxh6 34. Bd7 Qd8 35. Bg4 Rd6 36. g3 Rd1 37. Kg2 Rxa1 38. Rxa1 Qd2+ 39. Kh3 Qb2 40. Rd1 Qe2 1-0

[Event "CFriend AC-2004-Q-00006 email"]
[Site "Chessfriend.com"]
[Date "2004.08.04"]
[Round "?"]
[White "Blake, Michael J"]
[Black "Crawley, Anthony L"]
[Result "0-1"]
[WhiteElo "1749"]
[BlackElo "2150"]
[PlyCount "56"]
[EventDate "2004.??.??"]
[EventType "tourn (corr)"]
[EventRounds "10"]
[SourceTitle "Corr 2008"]
[Source "ChessBase"]
[SourceDate "2008.06.24"]
[SourceVersion "1"]
[SourceVersionDate "2008.06.24"]
[SourceQuality "1"]

1. e4 c5 2. Nf3 e6 3. d4 cxd4 4. Nxd4 a6 5. Bd3 Nf6 6. 0-0 Qc7 7. Qe2 d6 8. c4 Nbd7 9. f4 Be7 10. Nc3 0-0 11. Kh1 b6 12. Bd2 Re8 13. Nf3 Bb7 14. Rae1 Nf8 15. Ng5 h6 16. Nf3 N6d7 17. b4 Rac8 18. Rd1 Ng6 19. a3 Bf6 20. Rc1 Bxc3 21. Rxc3 e5 22. f5 Nf4 23. Bxf4 exf4 24. Rfc1 Nf6 25. Nd2 d5 26. cxd5 Qxc3 27. Rxc3 Rxc3 28. Qf1 Rec8 0-1

[Event "CFriend AC-2004-Q-00006 email"]
[Site "Chessfriend.com"]
[Date "2004.08.04"]
[Round "1"]
[White "Gildred, Terrence L Nick"]
[Black "Crawley, Anthony L"]
[Result "1/2-1/2"]
[WhiteElo "2336"]
[BlackElo "2238"]
[PlyCount "66"]
[EventDate "2004.??.??"]
[EventType "tourn (corr)"]
[EventRounds "10"]
[SourceTitle "Corr 2024"]
[Source "ChessBase"]
[SourceDate "2023.10.19"]
[SourceVersion "1"]
[SourceVersionDate "2023.10.19"]
[SourceQuality "1"]

1. e4 c5 2. Nf3 Nc6 3. Bb5 g6 4. 0-0 Bg7 5. c3 Nf6 6. e5 Nd5 7. d4 cxd4 8. cxd4 0-0 9. Re1 d6 10. Nc3 Nxc3 11. bxc3 Qc7 12. exd6 exd6 13. Bf4 Bf5 14. Qb3 Rad8 15. a4 h6 16. Nd2 g5 17. Bg3 Be6 18. Qb2 Ne7 19. Bc4 Bxc4 20. Nxc4 Nf5 21. Ne3 Nxe3 22. Rxe3 Rde8 23. Rae1 Qc6 24. Qb4 d5 25. h4 Rxe3 26. Rxe3 gxh4 27. Bxh4 Re8 28. Rxe8+ Qxe8 29. a5 Qc6 30. Be7 h5 31. Bc5 Qa6 32. Qa4 Qe2 33. Qa1 Bh6 1/2-1/2

[Event "CFriend AC-2004-Q-00006 email"]
[Site "Chessfriend.com"]
[Date "2004.08.04"]
[Round "1"]
[White "Weber, Daniel"]
[Black "Crawley, Anthony L"]
[Result "0-1"]
[WhiteElo "2189"]
[BlackElo "2238"]
[PlyCount "150"]
[EventDate "2004.??.??"]
[EventType "tourn (corr)"]
[EventRounds "10"]
[SourceTitle "Corr 2024"]
[Source "ChessBase"]
[SourceDate "2023.10.19"]
[SourceVersion "1"]
[SourceVersionDate "2023.10.19"]
[SourceQuality "1"]

1. e4 e6 2. d4 d5 3. Nc3 Nf6 4. e5 Nfd7 5. f4 c5 6. Nf3 Nc6 7. Be3 cxd4 8. Nxd4 Bc5 9. Qd2 0-0 10. g3 a6 11. Bg2 Na5 12. b3 b5 13. h3 Bb7 14. 0-0 Rc8 15. Nce2 b4 16. Rac1 Nc6 17. Nxc6 Bxe3+ 18. Qxe3 Rxc6 19. c3 bxc3 20. Nd4 Qb6 21. Rfe1 Rcc8 22. Red1 Qa5 23. Rd3 Qxa2 24. Rdxc3 Qa5 25. Bf1 Rxc3 26. Rxc3 Qb6 27. b4 Re8 28. Kf2 Rb8 29. Nc2 Qd8 30. Qa7 g5 31. Kg1 Rc8 32. Rxc8 Qxc8 33. Ne1 gxf4 34. gxf4 Nf8 35. Kf2 Ng6 36. Ng2 Qc2+ 37. Kg1 Qc8 38. Qb6 Kg7 39. Kh2 Qc2 40. Qd8 h6 41. Qf6+ Kg8 42. Qd8+ Nf8 43. Qb6 Qb1 44. Kg1 Bc8 45. Qc5 Bd7 46. Kf2 Qb2+ 47. Kg1 Bb5 48. Bxb5 axb5 49. Qxb5 d4 50. Nh4 Qc3 51. Qe2 d3 52. Qe3 Qa1+ 53. Kf2 Qb2+ 54. Kf1 Qxb4 55. Kf2 Qb2+ 56. Kf1 Qb1+ 57. Qe1 Qc2 58. Nf3 Qc4 59. Kf2 Ng6 60. Qe3 Nxf4 61. Nd2 Qb4 62. Kg3 Nh5+ 63. Kf3 Qh4 64. Qg1+ Kh8 65. Qh2 Qd4 66. Ne4 Ng7 67. Qd2 Nf5 68. Qf2 Qxe5 69. Qc5 Nh4+ 70. Ke3 Ng2+ 71. Kxd3 Qxc5 72. Nxc5 Nf4+ 73. Ke4 Nxh3 74. Kf3 Kg7 75. Nd7 f6 0-1

[Event "CFriend AR-2003-Q-00001 email"]
[Site "Chessfriend.com"]
[Date "2003.12.03"]
[Round "1"]
[White "Crawley, Anthony L"]
[Black "Hallengren, Boris"]
[Result "0-1"]
[WhiteElo "2222"]
[BlackElo "2252"]
[PlyCount "68"]
[EventDate "2003.??.??"]
[EventType "tourn (corr)"]
[EventRounds "12"]
[SourceTitle "Corr 2008"]
[Source "ChessBase"]
[SourceDate "2008.06.24"]
[SourceVersion "1"]
[SourceVersionDate "2008.06.24"]
[SourceQuality "1"]

1. d4 Nf6 2. c4 e6 3. Nf3 d5 4. g3 dxc4 5. Bg2 Be7 6. Na3 Bxa3 7. Qa4+ Nc6 8. bxa3 Qd5 9. 0-0 0-0 10. Rd1 b5 11. Qc2 Bb7 12. Bg5 Ne4 13. Bf4 a6 14. Rab1 f5 15. e3 Nd8 16. a4 Nf7 17. Bxc7 Qd7 18. Bf4 c3 19. Ne5 Nxe5 20. Bxe5 Nd2 21. Rxd2 cxd2 22. f3 Rac8 23. Qxd2 bxa4 24. h4 Bd5 25. e4 fxe4 26. fxe4 Bc4 27. Bh3 Qf7 28. Rb6 Kh8 29. Qf4 Qa7 30. Qg5 a3 31. Rb1 Bxa2 32. Ra1 Bc4 33. Rxa3 Kg8 34. Rc3 Ba2 0-1

[Event "CFriend AR-2003-Q-00001 email"]
[Site "Chessfriend.com"]
[Date "2003.12.03"]
[Round "1"]
[White "Crawley, Anthony L"]
[Black "Schiff, Armin"]
[Result "0-1"]
[WhiteElo "2222"]
[BlackElo "1841"]
[PlyCount "37"]
[EventDate "2003.??.??"]
[EventType "tourn (corr)"]
[EventRounds "12"]
[SourceTitle "Corr 2008"]
[Source "ChessBase"]
[SourceDate "2008.06.24"]
[SourceVersion "1"]
[SourceVersionDate "2008.06.24"]
[SourceQuality "1"]

1. e4 e5 2. Nf3 d6 3. d4 exd4 4. Nxd4 Nc6 5. Bb5 Bd7 6. Nc3 Be7 7. 0-0 Nxd4 8. Bxd7+ Qxd7 9. Qxd4 Bf6 10. Qd3 Ne7 11. Bf4 Bxc3 12. Qxc3 0-0 13. Rad1 Qc6 14. Qxc6 Nxc6 15. f3 f5 16. exf5 Rxf5 17. Bg3 Re8 18. Rfe1 Rxe1+ 19. Bxe1 0-1

[Event "CFriend AR-2003-Q-00001 email"]
[Site "Chessfriend.com"]
[Date "2003.12.03"]
[Round "1"]
[White "Utesch, Wolfgang"]
[Black "Crawley, Anthony L"]
[Result "1-0"]
[WhiteElo "2305"]
[BlackElo "2222"]
[PlyCount "67"]
[EventDate "2003.??.??"]
[EventType "tourn (corr)"]
[EventRounds "12"]
[SourceTitle "Corr 2008"]
[Source "ChessBase"]
[SourceDate "2008.06.24"]
[SourceVersion "1"]
[SourceVersionDate "2008.06.24"]
[SourceQuality "1"]

1. d4 e6 2. c4 b6 3. a3 Nf6 4. Nc3 Bb7 5. Nf3 Ne4 6. Nxe4 Bxe4 7. Bf4 d6 8. e3 c5 9. Bd3 Bg6 10. 0-0 Nd7 11. Re1 Be7 12. b4 0-0 13. Bxg6 hxg6 14. Bg3 Nf6 15. e4 cxb4 16. axb4 d5 17. exd5 Bxb4 18. dxe6 Bxe1 19. Qxe1 fxe6 20. Qxe6+ Kh8 21. Qe3 Qd7 22. Ne5 Qf5 23. f3 Nd7 24. Qe4 Nxe5 25. Bxe5 Qxe4 26. fxe4 Rfc8 27. Ra4 Kg8 28. Kf2 a6 29. Rb4 a5 30. Ra4 Re8 31. Ke3 Rxe5 32. dxe5 Kf7 33. Kf4 Rc8 34. h4 1-0

[Event "CFriend AC-2003-Q-00012 email"]
[Site "Chessfriend.com"]
[Date "2003.07.01"]
[Round "?"]
[White "Kiriakov, Petr"]
[Black "Crawley, Anthony L"]
[Result "0-1"]
[WhiteElo "2553"]
[BlackElo "2000"]
[PlyCount "22"]
[EventDate "2003.07.01"]
[EventType "tourn (corr)"]
[EventRounds "10"]
[SourceTitle "Corr 2008"]
[Source "ChessBase"]
[SourceDate "2008.06.24"]
[SourceVersion "1"]
[SourceVersionDate "2008.06.24"]
[SourceQuality "1"]

1. d4 e6 2. c4 d5 3. Nc3 c6 4. Nf3 f5 5. Bf4 dxc4 6. e3 b5 7. Ne5 Nf6 8. g4 Nbd7 9. Bg2 Nxe5 10. Bxe5 Nxg4 11. Bxc6+ Bd7 0-1

[Event "CFriend AH-2003-0-00002 email"]
[Site "Chessfriend.com"]
[Date "2003.04.10"]
[Round "1"]
[White "Weiss, Lester"]
[Black "Crawley, Anthony L"]
[Result "0-1"]
[WhiteElo "1866"]
[BlackElo "2238"]
[PlyCount "126"]
[EventDate "2003.??.??"]
[EventType "tourn (corr)"]
[EventRounds "6"]
[SourceTitle "Corr 2024"]
[Source "ChessBase"]
[SourceDate "2023.10.19"]
[SourceVersion "1"]
[SourceVersionDate "2023.10.19"]
[SourceQuality "1"]

1. d4 e6 2. e4 c5 3. Nf3 cxd4 4. Nxd4 Nf6 5. Nc3 Nc6 6. Ndb5 d6 7. Bf4 e5 8. Bg5 a6 9. Na3 b5 10. Nd5 Be7 11. Bxf6 Bxf6 12. c3 Ne7 13. Nc2 Nxd5 14. Qxd5 Rb8 15. Rd1 Bb7 16. Qd3 Bg5 17. Be2 0-0 18. Nb4 a5 19. Nd5 Bc8 20. 0-0 Be6 21. a3 g6 22. Qg3 Rb7 23. f4 exf4 24. Qf3 Rb8 25. Nxf4 Bb3 26. Rd4 Bf6 27. Rd3 Bg7 28. Rd2 Qg5 29. Bd1 Bc4 30. Be2 Bb3 31. Bd1 Qc5+ 32. Rff2 Bc4 33. Be2 Rbe8 34. Bxc4 Qxc4 35. Rxd6 Rxe4 36. Rd7 Rfe8 37. g3 Qc6 38. Rdd2 Bh6 39. Rd4 f5 40. Rxe4 Rxe4 41. Re2 Bxf4 42. gxf4 Kf7 43. Rxe4 Qxe4 44. Qf2 Qb1+ 45. Kg2 Qe4+ 46. Kg1 a4 47. Qd2 Ke6 48. Kf2 Qh1 49. Kg3 Qg1+ 50. Kf3 Qg4+ 51. Kf2 Qh3 52. Kg1 Qf3 53. Qe1+ Qe4 54. Qd2 Kf6 55. Qd8+ Kg7 56. Qd7+ Kh6 57. Qxb5 Qxf4 58. c4 Qd4+ 59. Kg2 Qd2+ 60. Kg3 Qe3+ 61. Kg2 Qe2+ 62. Kg3 Kh5 63. Qd5 Qe3+ 0-1

[Event "IECC TH-M email"]
[Site "IECC email"]
[Date "2002.02.09"]
[Round "?"]
[White "Crawley, Anthony L"]
[Black "Corbat, Philippe"]
[Result "1-0"]
[WhiteElo "2029"]
[BlackElo "2023"]
[PlyCount "83"]
[EventDate "2002.??.??"]
[EventType "match (corr)"]
[EventRounds "2"]
[SourceTitle "Corr 2008"]
[Source "ChessBase"]
[SourceDate "2008.06.24"]
[SourceVersion "1"]
[SourceVersionDate "2008.06.24"]
[SourceQuality "1"]

1. e4 d5 2. exd5 Nf6 3. c4 e6 4. d4 exd5 5. Nc3 Bb4 6. Bd3 dxc4 7. Bxc4 0-0 8. Nge2 Nc6 9. 0-0 Bg4 10. Be3 Re8 11. h3 Bh5 12. Re1 Ne4 13. Qc2 Qh4 14. Nf4 Bg6 15. Nxg6 hxg6 16. Bd5 Bxc3 17. bxc3 Rad8 18. Bxc6 bxc6 19. f3 Nf6 20. Qd2 c5 21. Bg5 Qg3 22. Bf4 Qh4 23. Bg5 Qg3 24. Bf4 Qh4 25. Bxc7 Rd5 26. Be5 Red8 27. Re2 Nh7 28. Rae1 Ng5 29. c4 Rxd4 30. Bxd4 Rxd4 31. Re8+ Kh7 32. Qb2 Qg3 33. Kf1 Rxc4 34. Qb8 Qxb8 35. Rxb8 a5 36. Ra8 a4 37. Ree8 Kh6 38. Rh8+ Nh7 39. a3 g5 40. Ra6+ g6 41. Ra7 Kg7 42. Rc8 1-0

[Event "EXCLAM op1 corr"]
[Site "Email"]
[Date "1999.??.??"]
[Round "?"]
[White "Berger, Martin"]
[Black "Crawley, Anthony L"]
[Result "0-1"]
[WhiteElo "2125"]
[BlackElo "2000"]
[PlyCount "104"]
[EventDate "1999.??.??"]
[EventType "tourn (corr)"]
[EventRounds "2"]
[SourceTitle "Corr 2002"]
[Source "ChessBase"]
[SourceDate "2002.05.23"]
[SourceVersion "1"]
[SourceVersionDate "2002.05.23"]
[SourceQuality "1"]

1. Nc3 d5 2. e4 dxe4 3. Nxe4 Qd5 4. Nc3 Qa5 5. d4 c6 6. Bc4 Bf5 7. Nf3 Nf6 8. Bd2 e6 9. Ne4 Qb6 10. Nxf6+ gxf6 11. Bc3 Nd7 12. Qe2 0-0-0 13. 0-0-0 Qc7 14. h3 Rg8 15. g3 Nb6 16. Bb3 Bg6 17. Kb1 Nd5 18. Bd2 Bh5 19. c4 Nb4 20. Bc3 Be7 21. a3 Na6 22. Bc2 Bg6 23. Rhe1 Rge8 24. Ka1 Qb6 25. Ba4 Bh5 26. g4 Bg6 27. Nh4 Nc7 28. f4 Qa6 29. Bb3 f5 30. g5 Bf8 31. Ng2 h6 32. h4 hxg5 33. fxg5 Be7 34. Nf4 Bd6 35. Nd3 Rh8 36. Nb4 Bxb4 37. Bxb4 Bh5 38. Qf2 Bxd1 39. Rxd1 Qb6 40. Bc2 Ne8 41. Be7 Rd7 42. Bc5 Qa6 43. b3 Nc7 44. Qf4 b5 45. cxb5 Nxb5 46. Kb2 Qa5 47. Bb4 Qc7 48. Qf2 Rhd8 49. Bc5 Nxd4 50. Rxd4 Qe5 51. Qf3 Rxd4 52. Qxc6+ Qc7 0-1